000 00650nam a2200157 a 4500
001 000045073
005 20201002045845.0
008 100218s1978 dr r 000 0 spa d
040 _aDO-SdBNP
_bspa
_cBNPHU
082 _axxxx
_bR426l
110 1 _aRepública Dominicana
_bSecretaría de Estado de Finanzas
_bDirección General de Impuestos Sobre la Renta
_935549
240 1 0 _a[ leyes. etc.]
245 1 0 _aLey No. 5911 de impuestos sobre la renta y sus modificaciones :
_breglamentos para su aplicación y resolución No. 1 de la dirección general.
260 _aSanto Domingo :
_bSecretaría de Estado de Finanzas,
_c1978.
300 _a226 p. ;
_c21 cm.
999 _c44562
_d44562